Field and Wave Electromagnetics, 2nd Ed (Record no. 327643)
[ view plain ]
| 000 -LEADER | |
|---|---|
| fixed length control field | 00388 a2200145 4500 |
| 001 - CONTROL NUMBER | |
| control field | 92570 |
| 082 ## - DEWEY DECIMAL CLASSIFICATION NUMBER | |
| Classification number | 537.12 CHE |
| 090 ## - LOCALLY ASSIGNED LC-TYPE CALL NUMBER (OCLC); LOCAL CALL NUMBER (RLIN) | |
| -- | 44510 |
| -- | 44511 |
| 100 ## - MAIN ENTRY--PERSONAL NAME | |
| Personal name | Cheng, David K. |
| 245 ## - TITLE STATEMENT | |
| Title | Field and Wave Electromagnetics, 2nd Ed |
| Statement of responsibility, etc. | David K. Cheng |
| Medium | English |
| 250 ## - EDITION STATEMENT | |
| Edition statement | 2 |
| 260 ## - PUBLICATION, DISTRIBUTION, ETC. | |
| Place of publication, distribution, etc. | China |
| Name of publisher, distributor, etc. | Addison-Wesley, USA |
| Date of publication, distribution, etc. | 2006 |
| 300 ## - PHYSICAL DESCRIPTION | |
| Extent | xvi, 705p |
| 500 ## - GENERAL NOTE | |
| General note | MS textbooks Aerospace |
| 942 ## - ADDED ENTRY ELEMENTS (KOHA) | |
| Institution code [OBSOLETE] | NUST-CAE |
| Call number prefix | 537.12 CHE |
| Koha item type | |
| Withdrawn status | Lost status | Damaged status | Not for loan | Collection code | Permanent Location | Current Location | Date acquired | Total Checkouts | Full call number | Barcode | Date last seen | Price effective from | Koha item type |
|---|---|---|---|---|---|---|---|---|---|---|---|---|---|
| College of Aeronautical Engineering (CAE) | College of Aeronautical Engineering (CAE) | 04/03/2017 | 537.12 CHE | CAEN-6370 | 04/05/2017 | 04/05/2017 | Book | ||||||
| College of Aeronautical Engineering (CAE) | College of Aeronautical Engineering (CAE) | 04/03/2017 | 537.12 CHE | CAEN-6373 | 04/05/2017 | 04/05/2017 | Book | ||||||
| College of Aeronautical Engineering (CAE) | College of Aeronautical Engineering (CAE) | 04/03/2017 | 537.12 CHE | CAEN-6372 | 04/05/2017 | 04/05/2017 | Book | ||||||
| College of Aeronautical Engineering (CAE) | College of Aeronautical Engineering (CAE) | 04/03/2017 | 537.12 CHE | CAEN-6371 | 04/05/2017 | 04/05/2017 | Book |
